Construction Business Management / (Record no. 15120)

MARC details
000 -LEADER
fixed length control field 01507cam a2200313 a 4500
001 - CONTROL NUMBER
control field 15308160
005 - DATE AND TIME OF LATEST TRANSACTION
control field 20090831142656.0
008 - FIXED-LENGTH DATA ELEMENTS--GENERAL INFORMATION
fixed length control field 080528s2009 njua b 001 0 eng
010 ## - LIBRARY OF CONGRESS CONTROL NUMBER
LC control number 2008021656
020 ## - INTERNATIONAL STANDARD BOOK NUMBER
International Standard Book Number 0130907863 (alk. paper)
020 ## - INTERNATIONAL STANDARD BOOK NUMBER
International Standard Book Number 9780130907868 (alk. paper)
035 ## - SYSTEM CONTROL NUMBER
System control number (OCoLC)ocn229747513
035 ## - SYSTEM CONTROL NUMBER
System control number (OCoLC)229747513
040 ## - CATALOGING SOURCE
Original cataloging agency DLC
Transcribing agency DLC
Modifying agency BAKER
-- BTCTA
-- C#P
-- YDXCP
-- BWX
-- DLC
050 00 - LIBRARY OF CONGRESS CALL NUMBER
Classification number HD9715.A2
Item number S358 2009
082 00 - DEWEY DECIMAL CLASSIFICATION NUMBER
Classification number 624.068
Edition number 22
Item number SCH
100 1# - MAIN ENTRY--PERSONAL NAME
Personal name Schaufelberger, John,
Dates associated with a name 1942-
9 (RLIN) 23098
245 10 - TITLE STATEMENT
Title Construction Business Management /
Statement of responsibility, etc John Schaufelberger.
260 ## - PUBLICATION, DISTRIBUTION, ETC. (IMPRINT)
Place of publication, distribution, etc Upper Saddle River, N.J. :
Name of publisher, distributor, etc Prentice Hall, 2009
Date of publication, distribution, etc c2009.
300 ## - PHYSICAL DESCRIPTION
Extent xii, 249 p. :
Other physical details ill. ;
Dimensions 25 cm.
504 ## - BIBLIOGRAPHY, ETC. NOTE
Bibliography, etc Includes bibliographical references and index.
650 #0 - SUBJECT ADDED ENTRY--TOPICAL TERM
Topical term or geographic name as entry element Construction industry
General subdivision Management.
9 (RLIN) 23099
653 ## - INDEX TERM--UNCONTROLLED
Resource For college
Arrived date list April2011
856 41 - ELECTRONIC LOCATION AND ACCESS
Materials specified Table of contents only
Uniform Resource Identifier <a href="http://www.loc.gov/catdir/toc/ecip0819/2008021656.html">http://www.loc.gov/catdir/toc/ecip0819/2008021656.html</a>
942 ## - ADDED ENTRY ELEMENTS (KOHA)
Source of classification or shelving scheme Dewey Decimal Classification
Item type Book - Borrowing
Holdings
Withdrawn status Item status Source of classification or shelving scheme Damaged status Not for loan Vendor Home library Current library Shelving location Date acquired Source of acquisition Cost, normal purchase price Serial Enumeration / chronology Total Checkouts Total Renewals Full call number Barcode Date last seen Date last borrowed Koha item type
    Dewey Decimal Classification     Baccah Central Library Central Library First floor 17/04/2011   262.40 12085 2 21 624.068 SCH 000023223 15/07/2025 28/11/2013 Book - Borrowing
    Dewey Decimal Classification     Arab Oasis Central Library Central Library First floor 27/04/2011   240.00 72 3 16 624.068 SCH 000023419 15/07/2025 02/12/2012 Book - Borrowing